000 00271nam a2200109Ia 4500
005 20251222114404.0
008 251222s1900||||xx |||||||||||||| ||spa||
082 _aDVD0112/D82C/2005
245 0 _aMagic english: comida y diversión.
264 _bDisney, Walt.
942 _cDVD
999 _c1756
_d1756